Từ điển Việt Anh = Vietnamese english dictionary (100000 words)

Cuốn sách cung cấp cho bạn đọc nhiều từ thông dụng tiếng Việt dịch ra tiếng Anh nhưng vẫn giữ được bản sắc ngôn ngữ dân tộc.

Gorde:
Xehetasun bibliografikoak
Egile nagusia: Võ, Hậu
Formatua: Liburua
Hizkuntza:Undetermined
Argitaratua: Hà Nội Thanh niên 2003
Gaiak:
Etiketak: Etiketa erantsi
Etiketarik gabe, Izan zaitez lehena erregistro honi etiketa jartzen!
Thư viện lưu trữ: Trung tâm Học liệu Trường Đại học Cần Thơ
LEADER 00863nam a2200229Ia 4500
001 CTU_192030
008 210402s9999 xx 000 0 und d
020 |c 35000 
082 |a 495.922321 
082 |b H125 
100 |a Võ, Hậu 
245 0 |a Từ điển Việt Anh = 
245 0 |b Vietnamese english dictionary (100000 words) 
245 0 |c Võ Hậu, Lưu Hảo 
260 |a Hà Nội 
260 |b Thanh niên 
260 |c 2003 
520 |a Cuốn sách cung cấp cho bạn đọc nhiều từ thông dụng tiếng Việt dịch ra tiếng Anh nhưng vẫn giữ được bản sắc ngôn ngữ dân tộc. 
650 |a Ngôn ngữ tiếng Anh,English language 
650 |x Từ điển,Dictionaries 
904 |i Trúc 
980 |a Trung tâm Học liệu Trường Đại học Cần Thơ